Catálogo
 En Linea

La fertilidad de los suelos de mayor interés agrícola de la Provincia de Guadalajara / (Registro nro. 36993)

Detalles MARC
000 -CABECERA
campo de control de longitud fija 00791nam a2200181 a 4500
001 - NÚMERO DE CONTROL
campo de control 000037503
005 - FECHA Y HORA DE LA ÚLTIMA TRANSACCIÓN
campo de control 20200930080411.0
008 - DATOS DE LONGITUD FIJA--INFORMACIÓN GENERAL
campo de control de longitud fija 120420s1987 sp acd 000 0 spa d
020 ## - NÚMERO INTERNACIONAL ESTÁNDAR DEL LIBRO
Número Internacional Estándar del Libro 8400065719
040 ## - FUENTE DE LA CATALOGACIÓN
Centro catalogador/agencia de origen DO-SdBNP
Lengua de catalogación spa
Centro/agencia transcriptor BNPHU
245 13 - MENCIÓN DE TÍTULO
Título La fertilidad de los suelos de mayor interés agrícola de la Provincia de Guadalajara /
Mención de responsabilidad, etc. L. Jimerno ... [et al.].
260 ## - PUBLICACIÓN, DISTRIBUCIÓN, ETC.
Lugar de publicación, distribución, etc. Madrid :
Nombre del editor, distribuidor, etc. Instituto de Edafología y Biología Vegetal de Madrid del Consejo Superior de Investigaciones Científicas,
Fecha de publicación, distribución, etc. 1987.
300 ## - DESCRIPCIÓN FÍSICA
Extensión 290 p. :
Otras características físicas il.,+2 mapas, retrs. ;
Dimensiones 25 cm.
504 ## - NOTA DE BIBLIOGRAFÍA, ETC.
Nota de bibliografía, etc. Bibliografia : p. 289-290
700 1# - PUNTO DE ACCESO ADICIONAL--NOMBRE DE PERSONA
Nombre de persona Jimerno, L.
9 (RLIN) 63957
710 1# - PUNTO DE ACCESO ADICIONAL--NOMBRE DE ENTIDAD CORPORATIVA
Nombre de entidad corporativa o nombre de jurisdicción como elemento de entrada Consejo Superior de Investigaciones Científicas (Espanya).
9 (RLIN) 63895
710 1# - PUNTO DE ACCESO ADICIONAL--NOMBRE DE ENTIDAD CORPORATIVA
Nombre de entidad corporativa o nombre de jurisdicción como elemento de entrada Instituto de Edafología y Biología Vegetal de Madrid
9 (RLIN) 63958
Existencias
Estado de retiro Estado de pérdida Restricciones de uso No para préstamo Código de colección Localización permanente Ubicación/localización actual Ubicación en estantería Fecha de adquisición Número de inventario Total de préstamos Signatura topográfica completa Código de barras Fecha visto por última vez Precio válido a partir de Tipo de ítem Koha
      Excluido de préstamo Monografías: Libros y Folletos General General En catalogación 20.04.2012 LF1   37503-10 25.06.2020 25.06.2020 No se presta

Con tecnología Koha